000 00492cam a22002171 4500
001 sa 64003730
003 DLC
005 20260227112019.0
008 890621s1963 ii 000 0 beno
010 _asa 64003730
035 _a(OCoLC)19906517
040 _aDLC
_cWaU
_dDLC
042 _apremarc
050 0 0 _aPK1718.B6
_bD3
100 1 _aBose, Buddhadeva.
245 1 0 _aDamaẏantī.
260 _c[1963]
300 _a168 p.
_c23 cm.
500 _aIn Bengali.
500 _aPoems.
999 _c58096
_d58096